| 000 | 01128cam a2200313 a 4500 | ||
|---|---|---|---|
| 001 | 2541 | ||
| 005 | 20231214154212.0 | ||
| 020 | _a9780439529112 | ||
| 040 |
_aDLC _cDLC _dDLC _beng |
||
| 050 | 0 | 0 |
_aPZ7.M478693 _bCm 2000 |
| 082 | 0 | 0 |
_a813 _221 |
| 100 | 1 |
_aMcKissack, Patricia _d1944-2017 |
|
| 245 | 1 | 0 |
_aColor me dark : _bthe diary of Nellie Lee Love, the great migration North / _cby Patricia C. McKissack |
| 250 | _aFirst Scholastic Club printing, March 2003 | ||
| 260 |
_aNew York : _bScholastic, _c2000 |
||
| 300 |
_a218 pages : _c19 cm |
||
| 505 | _aO | ||
| 520 | _aEleven-year-old Nellie Lee Love records in her diary the events of 1919, when her family moves from Tennessee to Chicago, hoping to leave the racism and hatred of the South behind. | ||
| 521 |
_a760 _bLexile |
||
| 521 |
_aO _bRaz-Plus |
||
| 650 | 0 |
_aAfrican Americans _vJuvenile fiction. |
|
| 650 | 1 |
_aAfrican Americans _vFiction. |
|
| 650 | 1 |
_aFamily life _vFiction. |
|
| 650 | 1 |
_aPrejudices _vFiction. |
|
| 650 | 1 |
_aSisters _vFiction. |
|
| 650 | 1 |
_aDiaries _vFiction. |
|
| 906 |
_a7 _bcbc _corignew _d1 _eocip _f19 _gy-gencatlg |
||
| 942 |
_2ddc _cBK _n0 |
||
| 999 |
_c2541 _d2541 |
||